The tree of liberty /

Bibliographic Details
Main Author: Page, Elizabeth, 1889-
Format: Book
Language:English
Published: New York, Toronto : Rinehart & company, inc., [1939]
Subjects:

MARC

Tag First Indicator Second Indicator Subfields
LEADER 00000cam a2200000 4500
001 in00000035292
005 20151007060740.0
008 750228s1939 nyu b 00011 eng u
010 |a  39027095  
035 |a (OCoLC)01193546 
035 |9 AAD0054AM 
040 |c KSU  |d TXA  |d UtOrBLW 
049 |a TXAM  |c 1 [91935]  |c 2 [135686] 
050 0 0 |a PS3531.A224  |b T7 1939 
092 |a 813  |b P132t 
100 1 |a Page, Elizabeth,  |d 1889- 
245 1 4 |a The tree of liberty /  |c by Elizabeth Page. 
264 1 |a New York,  |a Toronto :  |b Rinehart & company, inc.,  |c [1939] 
264 4 |c ©1939 
300 |a 5 pages ., ix-xii, 985 pages ;  |c 22 cm. 
336 |a text  |b txt  |2 rdacontent 
337 |a unmediated  |b n  |2 rdamedia 
338 |a volume  |b nc  |2 rdacarrier 
504 |a Bibliography: pages 977-985. 
600 1 0 |a Jefferson, Thomas,  |d 1743-1826  |x Fiction. 
651 0 |a United States  |x History  |y Colonial period, ca. 1600-1775  |v Fiction. 
651 0 |a United States  |x History  |y Constitutional period, 1789-1809  |x Fiction. 
999 |a MARS 
999 f f |s f6a9085e-559d-31e6-a5ca-fbc3465002ba  |i 08edc5d4-5f6f-3669-a77d-a9a06fa54759  |t 0 
952 f f |p ric  |a Texas A&M University  |b Rellis Campus  |c Joint Library Facility  |d Remote Storage  |t 0  |e PS3531.A224 T7 1939  |h Library of Congress classification  |i unmediated -- volume  |m A14801247589 
998 f f |a PS3531.A224 T7 1939  |t 0  |l Remote Storage